Statistics for Tech Companies that signed the Christchurch Call

Click here to take the quiz!

General Stats

  • This quiz has been taken 7 times
  • The average score is 5 of 8

Answer Stats

answer% Correct
Amazon
86%
Facebook
86%
Google
86%
Microsoft
57%
Twitter
57%
YouTube
57%
DailyMotion
29%
Qwant
0%

Score Distribution

Percentile by Number Answered

Percent of People with Each Score

Your Score History

You have not taken this quiz